Nástroj na matematickú analýzu rýchlostných profilov pre verejnú dopravu
Guardado en:
| Autor principal: | |
|---|---|
| Otros Autores: | |
| Formato: | Manuscrito Libro |
| Lenguaje: | eslovaco |
| Publicado: |
Bratislava :
STU v Bratislave FEI,
2024
|
| Materias: | |
| Acceso en línea: | https://opac.crzp.sk/?fn=detailBiblioFormChildUNV20&sid=DDCD2C6FBCAD481F204AC4B200E4&seo=CRZP-detail-kniha |
| Etiquetas: |
Sin Etiquetas, Sea el primero en etiquetar este registro!
|
MARC
| LEADER | 00000ntm a22000003a 4500 | ||
|---|---|---|---|
| 001 | stuzp97957 | ||
| 003 | SK-STU | ||
| 005 | 20250402131415.5 | ||
| 007 | ta | ||
| 008 | 150427s2015----xo-----f-mn---000-0-slo-d | ||
| 040 | |a STU |b slo | ||
| 041 | 0 | |a slo | |
| 044 | |a xo | ||
| 100 | 1 | |a Andriichenko, Artur |u 030400 |4 aut |U FEI Fakulta elektrotechniky a informatiky |T FEI Ústav automobilovej mechatroniky |X 117556 |U E400 |Y 642 |7 117556 | |
| 242 | 0 | 1 | |a Tool for mathematical analysis of speed profiles for public transport |y eng |
| 245 | 1 | 0 | |a Nástroj na matematickú analýzu rýchlostných profilov pre verejnú dopravu |
| 260 | |a Bratislava : |b STU v Bratislave FEI, |c 2024 | ||
| 300 | |a 76 s., príl. | ||
| 650 | 4 | |a verejná doprava |2 slo | |
| 650 | 4 | |a webová aplikácia |2 slo | |
| 650 | 4 | |a rýchlostný profil |2 slo | |
| 650 | 4 | |a matematická analýza |2 slo | |
| 650 | 4 | |a public transport |2 eng | |
| 650 | 4 | |a speed profile |2 eng | |
| 650 | 4 | |a web application |2 eng | |
| 650 | 4 | |a mathematical analysis |2 eng | |
| 700 | 1 | |a Baťa, Martin |u 030400 |k Z8 |4 ths |U FEI Fakulta elektrotechniky a informatiky |T FEI Ústav automobilovej mechatroniky |X 72675 |U E400 |Y 642 |7 72675 | |
| 856 | 4 | |u https://opac.crzp.sk/?fn=detailBiblioFormChildUNV20&sid=DDCD2C6FBCAD481F204AC4B200E4&seo=CRZP-detail-kniha | |